[Event "Joao Pessoa de Assis Memorial 3rd"]
[Site "Joao Pessoa"]
[Date "2023.10.20"]
[Round "1"]
[White "Lima, Rodrigo Cunha"]
[Black "Prado Oliveira, Fellipe"]
[Result "0-1"]
[WhiteElo "1800"]
[BlackElo "1762"]
[PlyCount "32"]
[EventDate "2023.10.20"]
[EventType "swiss"]
[EventRounds "6"]
[EventCountry "BRA"]
[SourceTitle "Mega2024 Update 01"]
[Source "Chessbase"]
[SourceDate "2023.11.12"]
[SourceVersion "1"]
[SourceVersionDate "2023.11.12"]
[SourceQuality "1"]

1. e4 c5 2. Nf3 Nc6 3. d4 cxd4 4. Nxd4 g6 5. Nc3 Bg7 6. Be3 Nf6 7. Bc4 Qa5 8. 0-0 0-0 9. Qd2 Nxd4 10. Bxd4 Nxe4 11. Qe3 Bxd4 12. Qxd4 Nxc3 13. bxc3 Qc7 14. Rae1 d6 15. Re3 e5 16. Qd3 Bf5 0-1